Top 15 Countries with Covid-19 Cases - 17 November 2021 - Statistics

General Stats
  • This quiz has been taken 35 times
  • The average score is 14 of 28
Answer Stats
country % Correct
United States
100%
United Kingdom
91%
France
88%
India
88%
Brazil
85%
Mexico
85%
Spain
85%
Germany
82%
Russia
82%
Italy
74%
Turkey
59%
Argentina
56%
Colombia
53%
Indonesia
50%
Belgium
41%
Iran
41%
Netherlands
41%
Estonia
24%
Latvia
24%
Sweden
24%
Czechia
21%
Lithuania
21%
Israel
18%
Slovenia
18%
Croatia
12%
Serbia
12%
Georgia
9%
Bahrain
6%
No matching quizzes found
Score Distribution
Percent of People with Each Score
Percentile by Number Answered
Your Score History
You have not taken this quiz